[Event "5th European Small Nations"]
[Site "Andorra la Vella"]
[Date "2017.11.16"]
[Round "7.5"]
[White "Berend, Fred"]
[Black "Mannhart, Marcel"]
[Result "1-0"]
[BlackElo "2123"]
[WhiteElo "2371"]
[LiveChessVersion "1.4.8"]

1. d4 {[%clk 1:30:56]} g6 {[%clk 1:30:34]} 2. c4 {[%clk 1:31:07]} Bg7
{[%clk 1:30:47]} 3. Nc3 {[%clk 1:31:28]} d6 {[%clk 1:30:32]} 4. Nf3
{[%clk 1:31:42]} Nd7 {[%clk 1:30:04]} 5. e4 {[%clk 1:27:09]} c6 {[%clk 1:28:01]}
6. Be2 {[%clk 1:27:16]} Qc7 {[%clk 1:27:00]} 7. O-O {[%clk 1:27:07]} Ngf6
{[%clk 1:24:01]} 8. h3 {[%clk 1:23:49]} O-O {[%clk 1:23:56]} 9. Be3
{[%clk 1:24:03]} e5 {[%clk 1:20:31]} 10. Qc2 {[%clk 1:19:42]} Re8
{[%clk 1:19:56]} 11. Rfd1 {[%clk 1:14:36]} Nf8 {[%clk 1:14:07]} 12. d5
{[%clk 1:07:58]} c5 {[%clk 1:04:21]} 13. Rab1 {[%clk 1:07:41]} h6
{[%clk 1:03:32]} 14. b4 {[%clk 1:00:09]} b6 {[%clk 1:03:24]} 15. bxc5
{[%clk 0:52:30]} bxc5 {[%clk 1:03:19]} 16. Rb2 {[%clk 0:52:21]} g5
{[%clk 0:56:33]} 17. Nb5 {[%clk 0:44:23]} Qd7 {[%clk 0:54:35]} 18. Nh2
{[%clk 0:42:29]} Ng6 {[%clk 0:53:57]} 19. Bg4 {[%clk 0:40:51]} Nxg4
{[%clk 0:52:26]} 20. hxg4 {[%clk 0:41:03]} Bf6 {[%clk 0:50:13]} 21. f3
{[%clk 0:39:44]} Bd8 {[%clk 0:25:10]} 22. Nf1 {[%clk 0:39:26]} f6
{[%clk 0:16:49]} 23. Ng3 {[%clk 0:39:26]} a6 {[%clk 0:16:55]} 24. Nc3
{[%clk 0:39:12]} Qh7 {[%clk 0:17:01]} 25. Rdb1 {[%clk 0:38:39]} Bc7
{[%clk 0:16:27]} 26. Kf2 {[%clk 0:36:41]} Kf8 {[%clk 0:12:01]} 27. Rh1
{[%clk 0:35:07]} Ne7 {[%clk 0:11:19]} 28. Qb1 {[%clk 0:34:53]} Ng8
{[%clk 0:11:10]} 29. Nd1 {[%clk 0:33:42]} Qe7 {[%clk 0:10:08]} 30. Bd2
{[%clk 0:33:55]} Kf7 {[%clk 0:08:33]} 31. Ne3 {[%clk 0:34:06]} Kg6
{[%clk 0:08:40]} 32. Qc2 {[%clk 0:33:43]} Bd7 {[%clk 0:08:43]} 33. Rb7
{[%clk 0:32:58]} Rec8 {[%clk 0:09:08]} 34. Rhb1 {[%clk 0:32:42]} Qd8
{[%clk 0:09:20]} 35. Nef5 {[%clk 0:32:12]} Ne7 {[%clk 0:08:06]} 36. Rxc7
{[%clk 0:26:41]} Rxc7 {[%clk 0:08:29]} 37. Ba5 {[%clk 0:27:06]} Nxf5
{[%clk 0:08:06]} 38. exf5+ {[%clk 0:26:18]} Kf7 {[%clk 0:08:14]} 39. Ne4
{[%clk 0:25:36]} Be8 {[%clk 0:07:21]} 40. Qb2 {[%clk 0:50:07]} Ke7
{[%clk 0:35:06]} 41. Bxc7 {[%clk 0:36:26]} Qxc7 {[%clk 0:34:06]} 42. Qb7
{[%clk 0:36:49]} Ra7 {[%clk 0:31:08]} 43. Qxc7+ {[%clk 0:37:13]} Rxc7
{[%clk 0:31:34]} 44. Rb6 {[%clk 0:37:39]} Rd7 {[%clk 0:31:21]} 45. Rxa6
{[%clk 0:37:12]} h5 {[%clk 0:31:37]} 46. gxh5 {[%clk 0:36:45]} Bxh5
{[%clk 0:31:59]} 47. g4 {[%clk 0:36:47]} Be8 {[%clk 0:32:17]} 48. Ra8
{[%clk 0:37:12]} Rb7 {[%clk 0:32:40]} 49. Rxe8+ 1-0

[Event "5th European Small Nations"]
[Site "Andorra la Vella"]
[Date "2017.11.16"]
[Round "7.6"]
[White "Guller, Andras"]
[Black "Weber, Tom"]
[Result "0-1"]
[BlackElo "2418"]
[WhiteElo "2041"]
[LiveChessVersion "1.4.8"]

1. e4 {[%clk 1:30:41]} c5 {[%clk 1:30:52]} 2. Nf3 {[%clk 1:30:57]} Nc6
{[%clk 1:31:17]} 3. Bb5 {[%clk 1:31:10]} g6 {[%clk 1:31:41]} 4. O-O
{[%clk 1:31:03]} Bg7 {[%clk 1:32:06]} 5. c3 {[%clk 1:30:38]} Nf6 {[%clk 1:32:28]}
6. Re1 {[%clk 1:30:32]} O-O {[%clk 1:32:49]} 7. d4 {[%clk 1:27:49]} cxd4
{[%clk 1:20:05]} 8. cxd4 {[%clk 1:27:51]} d5 {[%clk 1:20:30]} 9. e5
{[%clk 1:26:56]} Ne4 {[%clk 1:20:55]} 10. Be3 {[%clk 1:24:16]} Qb6
{[%clk 1:07:34]} 11. Qe2 {[%clk 1:13:37]} Bd7 {[%clk 1:02:54]} 12. a4
{[%clk 1:09:34]} a6 {[%clk 1:01:08]} 13. Bxc6 {[%clk 1:09:52]} Bxc6
{[%clk 0:59:17]} 14. Nc3 {[%clk 1:07:56]} Nxc3 {[%clk 0:59:17]} 15. bxc3
{[%clk 1:08:18]} Qa5 {[%clk 0:58:53]} 16. Bd2 {[%clk 1:05:50]} Qc7
{[%clk 0:57:28]} 17. e6 {[%clk 0:54:46]} f6 {[%clk 0:57:36]} 18. h4
{[%clk 0:52:37]} Rac8 {[%clk 0:55:49]} 19. g3 {[%clk 0:51:03]} Be8
{[%clk 0:48:42]} 20. Reb1 {[%clk 0:46:02]} b5 {[%clk 0:43:24]} 21. a5
{[%clk 0:44:54]} h6 {[%clk 0:43:42]} 22. Ne1 {[%clk 0:43:12]} g5 {[%clk 0:43:10]}
23. h5 {[%clk 0:38:39]} Qc4 {[%clk 0:41:37]} 24. Qe3 {[%clk 0:32:20]} Bxh5
{[%clk 0:41:40]} 25. Rb4 {[%clk 0:14:30]} Qe2 {[%clk 0:40:52]} 26. Nc2
{[%clk 0:13:25]} Rc6 {[%clk 0:34:37]} 27. Re1 {[%clk 0:11:25]} Qxe3
{[%clk 0:33:42]} 28. Nxe3 {[%clk 0:11:12]} Bf3 {[%clk 0:33:21]} 29. Nf5
{[%clk 0:09:50]} Re8 {[%clk 0:33:44]} 30. c4 {[%clk 0:07:29]} dxc4
{[%clk 0:32:48]} 31. Bc3 {[%clk 0:07:27]} Bd5 {[%clk 0:31:49]} 32. Ne3
{[%clk 0:07:46]} Rd8 {[%clk 0:32:11]} 33. Rbb1 {[%clk 0:03:59]} Bf8
{[%clk 0:28:12]} 34. Kh2 {[%clk 0:02:53]} Rxe6 {[%clk 0:26:36]} 35. Nxd5
{[%clk 0:03:09]} Rxe1 {[%clk 0:27:00]} 36. Nxf6+ {[%clk 0:03:30]} exf6
{[%clk 0:27:26]} 37. Rxe1 {[%clk 0:03:54]} b4 {[%clk 0:27:50]} 0-1

[Event "5th European Small Nations"]
[Site "Andorra la Vella"]
[Date "2017.11.16"]
[Round "7.7"]
[White "Hoegener, Claude"]
[Black "Iclicki, Willy"]
[Result "1-0"]
[BlackElo "1968"]
[WhiteElo "2118"]
[LiveChessVersion "1.4.8"]

1. d4 {[%clk 1:30:54]} d5 {[%clk 1:30:48]} 2. Nf3 {[%clk 1:31:16]} c6
{[%clk 1:29:55]} 3. c3 {[%clk 1:31:34]} Bf5 {[%clk 1:29:50]} 4. Bg5
{[%clk 1:31:06]} Qc7 {[%clk 1:28:01]} 5. Nbd2 {[%clk 1:31:03]} e6
{[%clk 1:28:09]} 6. e3 {[%clk 1:30:13]} h6 {[%clk 1:27:27]} 7. Bf4
{[%clk 1:26:28]} Bd6 {[%clk 1:24:38]} 8. Bxd6 {[%clk 1:26:44]} Qxd6
{[%clk 1:24:57]} 9. Qb3 {[%clk 1:26:48]} Qc7 {[%clk 1:19:13]} 10. c4
{[%clk 1:26:17]} Nd7 {[%clk 1:15:18]} 11. Rc1 {[%clk 1:25:45]} Ngf6
{[%clk 1:13:46]} 12. Qa3 {[%clk 1:20:32]} Ne4 {[%clk 1:07:35]} 13. Nxe4
{[%clk 1:18:10]} Bxe4 {[%clk 1:07:57]} 14. Be2 {[%clk 1:17:32]} dxc4
{[%clk 1:02:55]} 15. Rxc4 {[%clk 1:15:18]} Nb6 {[%clk 1:00:18]} 16. Rc1
{[%clk 1:12:49]} Qe7 {[%clk 0:59:20]} 17. Qa5 {[%clk 1:06:22]} O-O
{[%clk 0:55:39]} 18. O-O {[%clk 1:04:45]} Rfd8 {[%clk 0:48:58]} 19. Qc5
{[%clk 0:31:57]} Qxc5 {[%clk 0:38:32]} 20. dxc5 {[%clk 0:32:06]} Bxf3
{[%clk 0:35:20]} 21. Bxf3 {[%clk 0:32:01]} Nc8 {[%clk 0:32:42]} 22. Rfd1
{[%clk 0:30:56]} Ne7 {[%clk 0:31:25]} 23. Kf1 {[%clk 0:28:36]} Kf8
{[%clk 0:28:48]} 24. Ke2 {[%clk 0:26:45]} Ke8 {[%clk 0:28:08]} 25. g3
{[%clk 0:19:57]} Rd7 {[%clk 0:26:48]} 26. b4 {[%clk 0:17:57]} Rb8
{[%clk 0:12:03]} 27. Rxd7 {[%clk 0:16:04]} Kxd7 {[%clk 0:12:31]} 28. Kd3
{[%clk 0:15:08]} b6 {[%clk 0:09:25]} 29. a3 {[%clk 0:14:28]} bxc5
{[%clk 0:09:08]} 30. Rxc5 {[%clk 0:14:39]} Kd6 {[%clk 0:08:52]} 31. Kc4
{[%clk 0:13:13]} Rb6 {[%clk 0:07:10]} 32. Ra5 {[%clk 0:08:36]} a6
{[%clk 0:05:33]} 33. Be2 {[%clk 0:08:15]} Nd5 {[%clk 0:05:45]} 34. e4 Nc7
{[%clk 0:05:16]} 35. e5+ {[%clk 0:07:43]} Kd7 {[%clk 0:04:56]} 36. Kc5
{[%clk 0:07:37]} Rb8 {[%clk 0:04:16]} 37. a4 {[%clk 0:04:12]} Nd5
{[%clk 0:04:10]} 38. Rxa6 {[%clk 0:03:35]} Rxb4 {[%clk 0:03:29]} 39. Ra7+
{[%clk 0:03:31]} Kc8 {[%clk 0:02:39]} 40. Kxc6 {[%clk 0:31:54]} Kb8
{[%clk 0:32:01]} 41. Rxf7 {[%clk 0:28:35]} Rxa4 {[%clk 0:32:02]} 42. Kd6
{[%clk 0:27:27]} Nc3 {[%clk 0:27:26]} 43. Bf3 {[%clk 0:24:55]} Ra6+
{[%clk 0:27:15]} 44. Kc5 {[%clk 0:20:21]} Ra2 {[%clk 0:25:00]} 45. Kb4
{[%clk 0:17:34]} Ne2 {[%clk 0:20:30]} 46. Bg4 {[%clk 0:14:39]} Nd4
{[%clk 0:19:44]} 47. Kc5 {[%clk 0:13:18]} Nb3+ {[%clk 0:17:55]} 48. Kb6
{[%clk 0:12:46]} 1-0

[Event "5th European Small Nations"]
[Site "Andorra la Vella"]
[Date "2017.11.16"]
[Round "7.8"]
[White "Muendle, Kurt"]
[Black "Linster, Philippe"]
[Result "0-1"]
[BlackElo "2230"]
[WhiteElo "1839"]
[LiveChessVersion "1.4.8"]

1. d4 {[%clk 1:30:58]} Nf6 {[%clk 1:30:53]} 2. Nf3 {[%clk 1:31:18]} e6
{[%clk 1:31:17]} 3. c4 {[%clk 1:31:32]} b6 {[%clk 1:31:42]} 4. g3
{[%clk 1:31:24]} Bb4+ {[%clk 1:31:55]} 5. Bd2 {[%clk 1:31:30]} Be7
{[%clk 1:32:17]} 6. Nc3 {[%clk 1:31:51]} Bb7 {[%clk 1:32:10]} 7. Bg2
{[%clk 1:32:05]} c6 {[%clk 1:31:58]} 8. Rc1 {[%clk 1:31:42]} O-O {[%clk 1:31:21]}
9. O-O {[%clk 1:31:55]} d5 {[%clk 1:31:23]} 10. cxd5 {[%clk 1:29:48]} cxd5
{[%clk 1:30:27]} 11. Ne5 {[%clk 1:25:08]} Nfd7 {[%clk 1:29:41]} 12. Bf4
{[%clk 1:17:06]} Nxe5 {[%clk 1:28:26]} 13. Bxe5 {[%clk 1:17:16]} Nc6
{[%clk 1:28:27]} 14. Bf4 {[%clk 1:17:27]} Qd7 {[%clk 1:09:36]} 15. Be3
{[%clk 1:02:36]} Rac8 {[%clk 1:07:07]} 16. Qd2 {[%clk 0:56:12]} Na5
{[%clk 1:01:48]} 17. Rc2 {[%clk 0:53:33]} Nc4 {[%clk 1:01:03]} 18. Qc1
{[%clk 0:52:48]} b5 {[%clk 0:49:48]} 19. Nb1 {[%clk 0:45:28]} Nxe3
{[%clk 0:46:18]} 20. fxe3 {[%clk 0:45:19]} Bg5 {[%clk 0:44:40]} 21. Rxc8
{[%clk 0:43:08]} Rxc8 {[%clk 0:44:57]} 22. Qd2 {[%clk 0:42:48]} Qc6
{[%clk 0:38:13]} 23. Nc3 {[%clk 0:41:17]} b4 {[%clk 0:37:20]} 24. Nd1
{[%clk 0:41:12]} a5 {[%clk 0:37:24]} 25. h4 {[%clk 0:39:56]} Be7 {[%clk 0:25:47]}
26. Qe1 {[%clk 0:38:09]} Bd6 {[%clk 0:25:13]} 27. Bf3 {[%clk 0:35:24]} Qc7
{[%clk 0:23:57]} 28. Kg2 {[%clk 0:35:05]} a4 {[%clk 0:23:07]} 29. Qf2
{[%clk 0:30:44]} a3 {[%clk 0:21:07]} 30. bxa3 {[%clk 0:27:35]} bxa3
{[%clk 0:21:32]} 31. Bg4 {[%clk 0:25:35]} Qe7 {[%clk 0:17:39]} 32. Bh5
{[%clk 0:21:13]} g6 {[%clk 0:17:44]} 33. Bf3 {[%clk 0:18:24]} Rc2
{[%clk 0:14:48]} 34. h5 {[%clk 0:12:17]} Ba6 {[%clk 0:08:55]} 35. hxg6
{[%clk 0:11:38]} hxg6 {[%clk 0:09:14]} 36. g4 {[%clk 0:08:10]} Rxa2
{[%clk 0:08:15]} 37. Qe1 {[%clk 0:07:28]} Rc2 {[%clk 0:04:35]} 38. Rh1
{[%clk 0:04:48]} a2 {[%clk 0:03:39]} 39. Qa5 {[%clk 0:04:30]} Bxe2
{[%clk 0:02:29]} 40. Bxe2 {[%clk 0:34:19]} Rxe2+ {[%clk 0:32:53]} 41. Kf3
{[%clk 0:34:34]} Rc2 {[%clk 0:31:29]} 42. Qa8+ {[%clk 0:24:36]} Qf8
{[%clk 0:31:51]} 43. Qxf8+ {[%clk 0:24:24]} Bxf8 {[%clk 0:31:34]} 44. Nf2
{[%clk 0:24:39]} Bb4 {[%clk 0:31:01]} 0-1

[Event "5th European Small Nations"]
[Site "Andorra la Vella"]
[Date "2017.11.16"]
[Round "7.9"]
[White "Rossini, Paul"]
[Black "Kirby, Peter J."]
[Result "1/2-1/2"]
[BlackElo "1987"]
[WhiteElo "1683"]
[LiveChessVersion "1.4.8"]

1. e4 {[%clk 1:30:58]} c5 {[%clk 1:30:56]} 2. Bc4 {[%clk 1:31:20]} e6
{[%clk 1:31:18]} 3. Nc3 {[%clk 1:31:15]} Nc6 {[%clk 1:31:35]} 4. a4
{[%clk 1:30:44]} Nf6 {[%clk 1:31:14]} 5. d3 {[%clk 1:31:01]} d5 {[%clk 1:30:12]}
6. exd5 {[%clk 1:30:06]} exd5 {[%clk 1:30:33]} 7. Bb3 {[%clk 1:28:34]} Nd4
{[%clk 1:26:55]} 8. Ba2 {[%clk 1:25:09]} Bg4 {[%clk 1:23:05]} 9. Nge2
{[%clk 1:21:31]} Be7 {[%clk 1:18:48]} 10. O-O {[%clk 1:18:44]} O-O
{[%clk 1:18:07]} 11. f3 {[%clk 1:15:29]} Nxe2+ {[%clk 1:17:31]} 12. Nxe2
{[%clk 1:14:03]} Bd7 {[%clk 1:14:54]} 13. Bb3 {[%clk 1:13:53]} Bc6
{[%clk 1:12:30]} 14. Bg5 {[%clk 1:10:52]} h6 {[%clk 1:12:33]} 15. Bh4
{[%clk 1:10:53]} Qd7 {[%clk 1:07:46]} 16. Re1 {[%clk 1:06:16]} Rfe8
{[%clk 1:06:03]} 17. Bf2 {[%clk 0:59:46]} a6 {[%clk 1:00:51]} 18. a5
{[%clk 0:57:07]} Bd6 {[%clk 0:55:02]} 19. Qd2 {[%clk 0:52:52]} Qf5
{[%clk 0:47:04]} 20. Bg3 {[%clk 0:40:59]} Bxg3 {[%clk 0:46:29]} 21. Nxg3
{[%clk 0:41:09]} Qd7 {[%clk 0:44:48]} 22. Qf2 {[%clk 0:39:04]} Qd6
{[%clk 0:39:08]} 23. Nf5 {[%clk 0:37:17]} Qd7 {[%clk 0:38:43]} 24. Ng3
{[%clk 0:35:13]} Qd6 {[%clk 0:34:30]} 25. Nf5 {[%clk 0:35:29]} Qd7
{[%clk 0:34:21]} 26. Ng3 {[%clk 0:29:07]} Qd6 {[%clk 0:34:45]} 1/2-1/2

[Event "5th European Small Nations"]
[Site "Andorra la Vella"]
[Date "2017.11.16"]
[Round "7.10"]
[White "Rowe, Peter"]
[Black "Righi, Ezio"]
[Result "1/2-1/2"]
[BlackElo "2039"]
[WhiteElo "1945"]
[LiveChessVersion "1.4.8"]

1. d4 {[%clk 1:30:56]} c5 {[%clk 1:30:47]} 2. c3 {[%clk 1:31:09]} e6
{[%clk 1:29:29]} 3. Nf3 {[%clk 1:28:52]} Nf6 {[%clk 1:27:55]} 4. Bf4
{[%clk 1:20:42]} Nc6 {[%clk 1:27:24]} 5. e3 {[%clk 1:20:47]} d5 {[%clk 1:27:22]}
6. Nbd2 {[%clk 1:19:54]} Qb6 {[%clk 1:24:14]} 7. Qb3 {[%clk 1:18:58]} c4
{[%clk 1:24:09]} 8. Qc2 {[%clk 1:15:01]} Be7 {[%clk 1:22:20]} 9. Be2
{[%clk 1:13:02]} Qd8 {[%clk 1:21:08]} 10. h3 {[%clk 1:09:14]} Bd6
{[%clk 1:19:55]} 11. Bxd6 {[%clk 1:05:12]} Qxd6 {[%clk 1:20:12]} 12. e4
{[%clk 1:04:09]} dxe4 {[%clk 1:17:46]} 13. Nxe4 {[%clk 1:03:48]} Nxe4
{[%clk 1:17:54]} 14. Qxe4 {[%clk 1:04:09]} Qd5 {[%clk 1:18:10]} 15. Nd2
{[%clk 0:59:36]} Na5 {[%clk 1:14:24]} 16. Bf3 {[%clk 0:54:39]} Qxe4+
{[%clk 1:14:15]} 17. Bxe4 {[%clk 0:54:52]} Rb8 {[%clk 1:11:31]} 18. b4
{[%clk 0:52:06]} cxb3 {[%clk 1:10:33]} 19. axb3 {[%clk 0:52:20]} Nc6
{[%clk 1:09:10]} 20. Bxc6+ {[%clk 0:52:03]} bxc6 {[%clk 1:09:36]} 21. Rxa7
{[%clk 0:52:22]} O-O {[%clk 1:09:40]} 22. O-O {[%clk 0:52:12]} Rd8
{[%clk 1:08:37]} 23. b4 {[%clk 0:49:50]} Rd7 {[%clk 1:01:13]} 24. Rfa1
{[%clk 0:48:30]} Kf8 {[%clk 0:59:59]} 25. Ra8 {[%clk 0:46:17]} Rxa8
{[%clk 0:58:51]} 26. Rxa8 {[%clk 0:46:37]} Rd8 {[%clk 0:59:18]} 27. Nc4
{[%clk 0:45:19]} Ke7 {[%clk 0:58:43]} 28. Ra7+ {[%clk 0:40:35]} Rd7
{[%clk 0:58:36]} 29. Rxd7+ {[%clk 0:39:22]} Bxd7 {[%clk 0:58:35]} 30. f3
{[%clk 0:36:59]} f6 {[%clk 0:58:27]} 31. Kf2 {[%clk 0:37:03]} Bc8
{[%clk 0:58:48]} 32. f4 {[%clk 0:34:31]} Ba6 {[%clk 0:55:19]} 33. Nd2
{[%clk 0:28:12]} Kd6 {[%clk 0:55:14]} 34. c4 {[%clk 0:27:01]} e5 {[%clk 0:49:17]}
35. fxe5+ {[%clk 0:24:30]} fxe5 {[%clk 0:49:31]} 36. Ke3 {[%clk 0:24:40]} Ke6
{[%clk 0:38:35]} 37. dxe5 {[%clk 0:23:02]} Kxe5 {[%clk 0:38:43]} 38. Nf3+
{[%clk 0:23:22]} Kd6 {[%clk 0:38:16]} 39. Kd4 {[%clk 0:23:25]} Bc8
{[%clk 0:37:10]} 40. Ng5 {[%clk 0:50:56]} Bf5 {[%clk 1:06:52]} 41. Ne4+
{[%clk 0:47:27]} Kc7 {[%clk 1:00:27]} 42. Ke5 {[%clk 0:46:29]} Bg6
{[%clk 0:59:17]} 43. Nc5 {[%clk 0:45:18]} Bf7 {[%clk 0:57:41]} 44. Kd4
{[%clk 0:33:19]} h5 {[%clk 0:55:14]} 45. h4 {[%clk 0:32:19]} Bg8 {[%clk 0:53:58]}
46. Nd3 {[%clk 0:29:54]} Kd6 {[%clk 0:52:09]} 47. Nf4 {[%clk 0:27:01]} Bf7
{[%clk 0:52:25]} 48. c5+ {[%clk 0:25:36]} Ke7 {[%clk 0:51:28]} 49. Ke5
{[%clk 0:25:20]} g6 {[%clk 0:50:39]} 50. g3 {[%clk 0:24:28]} Be8 {[%clk 0:50:44]}
51. Ne2 {[%clk 0:22:13]} Bf7 {[%clk 0:49:58]} 52. Nc3 {[%clk 0:22:15]} Bc4
{[%clk 0:50:12]} 53. Ne4 {[%clk 0:22:25]} Be2 {[%clk 0:49:48]} 54. Nd6
{[%clk 0:20:41]} Bf1 {[%clk 0:49:41]} 55. Nc8+ {[%clk 0:20:20]} Kd7
{[%clk 0:49:40]} 56. Na7 {[%clk 0:20:20]} Kc7 {[%clk 0:47:58]} 57. Kf6
{[%clk 0:12:37]} Bd3 {[%clk 0:48:10]} 58. Kg5 {[%clk 0:10:12]} Kb7
{[%clk 0:47:29]} 59. Nxc6 {[%clk 0:08:11]} Kxc6 {[%clk 0:47:52]} 60. g4
{[%clk 0:08:29]} hxg4 {[%clk 0:46:31]} 61. Kxg4 {[%clk 0:08:45]} Kb5
{[%clk 0:46:14]} 62. Kg5 {[%clk 0:08:33]} Be4 {[%clk 0:45:42]} 63. h5
{[%clk 0:08:10]} gxh5 {[%clk 0:46:01]} 64. Kxh5 {[%clk 0:08:33]} Kxc5 65. bxc5
1/2-1/2

[Event "5th European Small Nations"]
[Site "Andorra la Vella"]
[Date "2017.11.16"]
[Round "7.11"]
[White "Volpinari, Danilo"]
[Black "Strade, Arita"]
[Result "1-0"]
[BlackElo "1864"]
[WhiteElo "1976"]
[LiveChessVersion "1.4.8"]

1. d4 {[%clk 1:30:42]} Nf6 {[%clk 1:30:52]} 2. Bg5 {[%clk 1:30:09]} e6
{[%clk 1:29:13]} 3. e4 {[%clk 1:28:58]} h6 {[%clk 1:28:22]} 4. Bxf6
{[%clk 1:28:10]} Qxf6 {[%clk 1:27:07]} 5. c3 {[%clk 1:27:28]} d6 {[%clk 1:26:29]}
6. Nf3 {[%clk 1:22:46]} e5 {[%clk 1:15:01]} 7. Nbd2 {[%clk 1:06:16]} g6
{[%clk 1:07:35]} 8. Bc4 {[%clk 0:56:57]} Bg7 {[%clk 1:02:49]} 9. O-O
{[%clk 0:50:52]} O-O {[%clk 1:03:10]} 10. dxe5 {[%clk 0:45:27]} dxe5
{[%clk 1:03:32]} 11. Qe2 {[%clk 0:44:35]} Be6 {[%clk 0:55:28]} 12. Rfd1
{[%clk 0:40:02]} Nd7 {[%clk 0:47:59]} 13. Nf1 {[%clk 0:36:53]} Nb6
{[%clk 0:43:12]} 14. Bxe6 {[%clk 0:34:01]} Qxe6 {[%clk 0:43:08]} 15. Ne3
{[%clk 0:33:18]} c6 {[%clk 0:42:42]} 16. b3 {[%clk 0:27:34]} f5 {[%clk 0:32:16]}
17. Nd2 {[%clk 0:27:08]} fxe4 {[%clk 0:23:29]} 18. Nxe4 {[%clk 0:26:04]} Rf4
{[%clk 0:18:05]} 19. f3 {[%clk 0:21:28]} Bf8 {[%clk 0:16:01]} 20. Rd2
{[%clk 0:17:32]} Nd5 {[%clk 0:15:07]} 21. c4 {[%clk 0:16:04]} Nb6
{[%clk 0:11:02]} 22. Rad1 {[%clk 0:15:57]} Rc8 {[%clk 0:08:12]} 23. c5
{[%clk 0:11:40]} Na8 {[%clk 0:05:55]} 24. Nc4 {[%clk 0:06:20]} Bg7
{[%clk 0:03:41]} 25. Rd8+ {[%clk 0:06:20]} Rxd8 {[%clk 0:03:51]} 26. Rxd8+
{[%clk 0:06:48]} Rf8 {[%clk 0:04:09]} 27. Qd3 {[%clk 0:05:50]} Nc7
{[%clk 0:03:02]} 28. Rxf8+ {[%clk 0:06:03]} Bxf8 {[%clk 0:02:59]} 29. Qd8
{[%clk 0:04:47]} Nd5 {[%clk 0:02:26]} 30. Qb8 {[%clk 0:03:50]} Qf7
{[%clk 0:02:01]} 31. Qxe5 {[%clk 0:02:49]} Nf4 {[%clk 0:02:01]} 32. Nf6+
{[%clk 0:02:46]} Kh8 {[%clk 0:02:12]} 33. Nh5+ {[%clk 0:01:17]} Bg7
{[%clk 0:01:47]} 34. Nxg7 {[%clk 0:01:14]} Qxg7 {[%clk 0:01:53]} 35. Qxf4
{[%clk 0:01:34]} Qa1+ {[%clk 0:02:04]} 36. Kf2 {[%clk 0:01:53]} b5
{[%clk 0:01:56]} 37. Qxh6+ 1-0

[Event "5th European Small Nations"]
[Site "Andorra la Vella"]
[Date "2017.11.16"]
[Round "7.12"]
[White "Hale, Andrew"]
[Black "Berardi, Giancarlo"]
[Result "1-0"]
[BlackElo "1837"]
[WhiteElo "1871"]
[LiveChessVersion "1.4.8"]

1. e4 {[%clk 1:30:53]} c5 {[%clk 1:30:44]} 2. c3 {[%clk 1:31:14]} Nc6
{[%clk 1:30:50]} 3. d4 {[%clk 1:30:57]} cxd4 {[%clk 1:30:55]} 4. cxd4
{[%clk 1:31:02]} e6 {[%clk 1:29:45]} 5. Nf3 {[%clk 1:29:01]} Nf6 {[%clk 1:29:14]}
6. Nc3 {[%clk 1:27:22]} Bb4 {[%clk 1:26:03]} 7. Bd3 {[%clk 1:25:24]} O-O
{[%clk 1:21:44]} 8. O-O {[%clk 1:24:39]} a6 {[%clk 1:19:37]} 9. a3
{[%clk 1:18:42]} Be7 {[%clk 1:19:50]} 10. d5 {[%clk 1:15:18]} exd5
{[%clk 1:18:23]} 11. e5 {[%clk 1:11:48]} d4 {[%clk 1:18:05]} 12. exf6
{[%clk 1:11:38]} Bxf6 {[%clk 1:16:42]} 13. Nd5 {[%clk 1:10:44]} b5
{[%clk 1:15:33]} 14. Nxf6+ {[%clk 1:06:55]} Qxf6 {[%clk 1:15:45]} 15. Ng5
{[%clk 1:06:56]} h6 {[%clk 1:15:16]} 16. Nh7 {[%clk 1:06:43]} Qd6
{[%clk 1:14:54]} 17. Nxf8 {[%clk 1:06:56]} Kxf8 {[%clk 1:14:47]} 18. Bd2
{[%clk 1:04:50]} Bb7 {[%clk 1:14:33]} 19. Be4 {[%clk 1:03:39]} Qf6
{[%clk 1:10:55]} 20. Qf3 {[%clk 1:03:05]} Qxf3 {[%clk 1:08:48]} 21. Bxf3
{[%clk 1:03:19]} Rd8 {[%clk 1:09:05]} 22. Bb4+ {[%clk 0:59:48]} d6
{[%clk 1:08:50]} 23. Rac1 {[%clk 0:59:08]} Nxb4 {[%clk 1:08:50]} 24. axb4
{[%clk 0:58:53]} Bxf3 {[%clk 1:08:39]} 25. gxf3 {[%clk 0:59:20]} Ke7
{[%clk 1:07:05]} 26. Rfd1 {[%clk 0:58:17]} Kf6 {[%clk 1:04:57]} 27. Rxd4
{[%clk 0:56:53]} d5 {[%clk 1:05:08]} 28. Re1 {[%clk 0:55:43]} g5 {[%clk 1:04:53]}
29. Kg2 {[%clk 0:55:29]} Kf5 {[%clk 1:04:14]} 30. Kg3 {[%clk 0:55:38]} Rd6
{[%clk 1:03:45]} 31. f4 {[%clk 0:54:35]} gxf4+ {[%clk 1:03:20]} 32. Rxf4+
{[%clk 0:54:48]} Kg6 {[%clk 1:03:25]} 33. Kf3 {[%clk 0:51:55]} f5
{[%clk 0:58:38]} 34. Re5 {[%clk 0:51:04]} d4 {[%clk 0:58:16]} 35. Rfxf5
{[%clk 0:50:35]} Rc6 {[%clk 0:57:01]} 36. Rc5 {[%clk 0:50:06]} Re6
{[%clk 0:56:27]} 37. Rfd5 {[%clk 0:49:58]} Rf6+ {[%clk 0:56:09]} 38. Ke2
{[%clk 0:49:58]} Re6+ {[%clk 0:55:02]} 39. Kd2 {[%clk 0:50:04]} Rf6
{[%clk 0:55:12]} 40. Ke2 {[%clk 1:18:38]} Re6+ {[%clk 1:24:50]} 41. Kf1
{[%clk 1:19:01]} Re4 {[%clk 1:24:20]} 42. Rd6+ {[%clk 1:19:17]} Kf7
{[%clk 1:24:13]} 43. Rc7+ {[%clk 1:19:39]} Ke8 {[%clk 1:23:33]} 44. Rxh6
{[%clk 1:19:32]} Kd8 {[%clk 1:23:41]} 45. Ra7 {[%clk 1:19:24]} d3
{[%clk 1:23:53]} 46. Rh8+ {[%clk 1:19:36]} Re8 {[%clk 1:24:11]} 47. Ra8+
{[%clk 1:19:56]} Kd7 {[%clk 1:24:18]} 48. Rhxe8 {[%clk 1:20:12]} d2
{[%clk 1:24:30]} 49. Red8+ {[%clk 1:20:05]} Kc7 {[%clk 1:24:50]} 50. Rxd2
{[%clk 1:19:59]} Kb6 {[%clk 1:25:05]} 51. Rxa6+ {[%clk 1:19:52]} Kxa6
{[%clk 1:25:19]} 52. Rd6+ {[%clk 1:20:06]} Kb7 {[%clk 1:25:39]} 53. Ke2
{[%clk 1:20:21]} Kc7 {[%clk 1:25:55]} 54. Rh6 {[%clk 1:20:47]} 1-0